01468nam a22002177a 4500008004100000020001800041040000800059041000800067050002100075100002800096245015000124250002000274260004700294300005400341520074300395650002701138650001901165650002401184650001401208700002801222250709b |||||||| |||| 00| 0 eng d a9781781612521 ctbs aeng aRZ401b.G65 2023 aGoldhirsh, Noaheauthor aThe power of colorsb: discover the path to self-healing and personal transformation through colorsc/ Noah Goldhirsh ; translated by Noel Canin. aSecond edition. aLondon :bHammersmith Health Books,c2023. a344 pages :billustrations (some color) ;c22 cm. aA path to self-healing and personal transformation through Native American ancient wisdom. Noah Goldhirsh shares the meaning of colors that surround us and how they affect us physically, psychologically and emotionally, showing how we can use their power to understand our strengths and how to maximize these to realize our full potential. With the help of the Wheel of Colors, drawn from Native American culture, she shows us how to discover which colors are best for us and how to use them to overcome our greatest challenges. For this second edition, Noah Goldhirsh has included new illustrations and information in response to reader feedback, including diagnosis based on the reflection of the human body in the palms of the hands. 0aColorxTherapeutic use 0aMental healing 0aSymbolism of colors 0aShamanism aCanin, Noeletranslator